[Event "Junior Online 4NCL Division 4"]
[Site "online"]
[Date "2020.04.23"]
[Round "2.82"]
[White "Lievens, Karel"]
[Black "Holland, Nicolas"]
[Result "0-1"]
[WhiteElo "1416"]
[BlackElo "1225"]
[PlyCount "38"]
[EventDate "2020.04.23"]
[WhiteTeam "St Benildus 2"]
[BlackTeam "Watford 3"]

1. e4 e6 2. d4 d5 3. exd5 exd5 4. Nf3 Nf6 5. Bd3 Qe7+ 6. Be3 Nc6 7. O-O Qd6 8.
Re1 Be7 9. c3 Bg4 10. Nbd2 O-O 11. Qc2 Rfe8 12. h3 Bh5 13. Bg5 g6 14. Ne5 Na5
15. g4 Bxg4 16. hxg4 Nxg4 17. Bxe7 Qxe7 18. Nxg4 Qg5 19. Be2 Nc6 0-1

[Event "Junior Online 4NCL Division 4"]
[Site "online"]
[Date "2020.04.23"]
[Round "2.83"]
[White "Keerthi Kumar, Advait"]
[Black "Cooney, Thomas"]
[Result "0-1"]
[WhiteElo "1202"]
[BlackElo "1457"]
[PlyCount "60"]
[EventDate "2020.04.23"]
[WhiteTeam "Watford 3"]
[BlackTeam "St Benildus 2"]

1. e4 e6 2. d4 d5 3. exd5 exd5 4. Nf3 c6 5. Be2 Bd6 6. O-O Ne7 7. Nc3 Be6 8.
Bg5 f6 9. Bh4 Qc7 10. Bg3 Bxg3 11. fxg3 Nd7 12. Kh1 Nf5 13. Qe1 O-O-O 14. b4 g6
15. a4 g5 16. b5 h5 17. bxc6 bxc6 18. Rb1 Rdg8 19. Ba6+ Kd8 20. Qxe6 h4 21. Rb7
Qc8 22. g4 Ng3+ 23. hxg3 hxg3+ 24. Kg1 Rg7 25. Rxd7+ Qxd7 26. Qxf6+ Qe7 27.
Qxc6 Rh1+ 28. Kxh1 Rh7+ 29. Kg1 Qe3+ 30. Rf2 Qxf2# 0-1

[Event "Junior Online 4NCL Division 4"]
[Site "online"]
[Date "2020.04.23"]
[Round "2.84"]
[White "Gubala, Max"]
[Black "Khandelwal, Akshaj"]
[Result "1-0"]
[WhiteElo "700"]
[BlackElo "1150"]
[PlyCount "63"]
[EventDate "2020.04.23"]
[WhiteTeam "St Benildus 2"]
[BlackTeam "Watford 3"]

1. e4 c6 2. Nf3 d5 3. exd5 cxd5 4. Bb5+ Nc6 5. O-O a6 6. Bxc6+ bxc6 7. h3 Bf5
8. c3 Nf6 9. d4 e6 10. Ne5 Qc7 11. Qa4 Bd6 12. Nxc6 Bh2+ 13. Kh1 Bd6 14. Ne5+
Ke7 15. Nc6+ Ke8 16. Ne5+ Ke7 17. Bf4 Bxe5 18. Bxe5 Qb6 19. Qa3+ Kd7 20. Nd2
Bd3 21. Rfd1 Bc2 22. Rdc1 Bd3 23. Nf3 Rhd8 24. Bg3 Ne4 25. Ne5+ Ke8 26. Nxd3
Nxg3+ 27. fxg3 Rac8 28. Ne5 Rd6 29. Rf1 Rc7 30. Qa4+ Kf8 31. Rf2 Kg8 32. Qe8#
1-0

[Event "Junior Online 4NCL Division 4"]
[Site "online"]
[Date "2020.04.23"]
[Round "2.85"]
[White "Brady, Fearghal"]
[Black "Tathare, Rohan"]
[Result "1-0"]
[WhiteElo "1450"]
[BlackElo "1285"]
[PlyCount "23"]
[EventDate "2020.04.23"]
[WhiteTeam "St Benildus 2"]
[BlackTeam "Watford 3"]

1. e4 d5 2. exd5 Qxd5 3. Nc3 Qa5 4. d4 c6 5. Bd2 Qc7 6. Nf3 Nf6 7. Bd3 e6 8.
O-O Bd6 9. Qe2 O-O 10. Ne4 Nxe4 11. Qxe4 Nd7 12. Qxh7# 1-0

[Event "Junior Online 4NCL Division 4"]
[Site "online"]
[Date "2020.04.23"]
[Round "2.86"]
[White "Holland, Nicolas"]
[Black "Lievens, Karel"]
[Result "0-1"]
[WhiteElo "1225"]
[BlackElo "1416"]
[PlyCount "80"]
[EventDate "2020.04.23"]
[WhiteTeam "Watford 3"]
[BlackTeam "St Benildus 2"]

1. e4 e5 2. Nf3 Nc6 3. Bc4 Nf6 4. Ng5 d5 5. Bd3 h6 6. Nf3 dxe4 7. Bb5 exf3 8.
Qxf3 Qd5 9. Bxc6+ Qxc6 10. Qxc6+ bxc6 11. Nc3 Bf5 12. d3 Bb4 13. Bd2 Nd5 14.
O-O Nxc3 15. Bxc3 Bxc3 16. bxc3 Ke7 17. Rfe1 Kd6 18. Rab1 Rab8 19. Rxb8 Rxb8
20. h3 Be6 21. a3 Rb2 22. Rc1 Ra2 23. g4 Rxa3 24. f3 Rxc3 25. h4 Bb3 26. f4
Rxc2 27. Rxc2 Bxc2 28. fxe5+ Kxe5 29. d4+ Kxd4 30. Kf2 Ke4 31. Kg3 Bd1 32. g5
hxg5 33. hxg5 a5 34. Kh4 a4 35. Kg3 a3 36. Kf2 a2 37. Ke1 a1=Q 38. Kd2 Qb2+ 39.
Kxd1 Kd3 40. Ke1 Qe2# 0-1

[Event "Junior Online 4NCL Division 4"]
[Site "online"]
[Date "2020.04.23"]
[Round "2.87"]
[White "Cooney, Thomas"]
[Black "Keerthi Kumar, Advait"]
[Result "1-0"]
[WhiteElo "1457"]
[BlackElo "1202"]
[PlyCount "49"]
[EventDate "2020.04.23"]
[WhiteTeam "St Benildus 2"]
[BlackTeam "Watford 3"]

1. e4 e5 2. Nf3 Nc6 3. Bc4 Be7 4. d4 exd4 5. Nxd4 Nxd4 6. Qxd4 Nf6 7. Nc3 O-O
8. Bg5 b6 9. O-O-O c5 10. Qd2 a6 11. h4 h5 12. f3 b5 13. Bxf6 Bxf6 14. Bd5 Rb8
15. g4 Bxh4 16. Qh2 Bg5+ 17. f4 Bh6 18. g5 Bxg5 19. fxg5 Qxg5+ 20. Kb1 Bb7 21.
Rdg1 Qh6 22. Qxh5 Qxh5 23. Rxh5 Bxd5 24. Nxd5 b4 25. Ne7# 1-0

[Event "Junior Online 4NCL Division 4"]
[Site "online"]
[Date "2020.04.23"]
[Round "2.88"]
[White "Khandelwal, Akshaj"]
[Black "Gubala, Max"]
[Result "0-1"]
[WhiteElo "1150"]
[BlackElo "700"]
[PlyCount "56"]
[EventDate "2020.04.23"]
[WhiteTeam "Watford 3"]
[BlackTeam "St Benildus 2"]

1. e4 c5 2. Nf3 Nc6 3. Nc3 g6 4. Bb5 Bg7 5. O-O e6 6. d3 Nge7 7. Bf4 O-O 8. h3
Qa5 9. Bxc6 Nxc6 10. Bd2 Qc7 11. Nb5 Qb6 12. Nc3 a6 13. b3 Rd8 14. Re1 d5 15.
exd5 exd5 16. Bg5 Rf8 17. Bd2 d4 18. Nd5 Qd8 19. Nf4 b6 20. Re2 Bb7 21. Kh1 Ne7
22. Re1 Nf5 23. Kg1 Bxf3 24. Qxf3 Nh4 25. Qg4 Nf5 26. Qxf5 gxf5 27. Nh5 Qd5 28.
Nxg7 Kxg7 0-1

[Event "Junior Online 4NCL Division 4"]
[Site "online"]
[Date "2020.04.30"]
[Round "3.11"]
[White "Goldsmith, Max"]
[Black "Gauri, Dhairye"]
[Result "0-1"]
[WhiteElo "1405"]
[BlackElo "1435"]
[PlyCount "70"]
[EventDate "2020.04.30"]
[WhiteTeam "Cheshire8Y"]
[BlackTeam "Uxbridge Juniors A"]

1. e4 e5 2. Nf3 Nc6 3. Bc4 Be7 4. Nc3 Nf6 5. d3 O-O 6. O-O h6 7. h3 a6 8. Re1
Bb4 9. a3 Ba5 10. b4 Bb6 11. a4 a5 12. b5 Na7 13. Be3 Bxe3 14. Rxe3 c6 15. bxc6
dxc6 16. Nxe5 b5 17. axb5 cxb5 18. Nxb5 Nxb5 19. Bxb5 Qb6 20. Ba4 Qd4 21. Nc6
Qd6 22. e5 Qe6 23. exf6 Qxf6 24. Qf3 Qxa1+ 25. Kh2 Bb7 26. Ne7+ Kh8 27. Qxb7
Qxa4 28. Rg3 Rab8 29. Qf3 Qa1 30. Qg4 Rb1 31. Ng6+ fxg6 32. Rf3 Rh1+ 33. Kg3
Rxf3+ 34. Qxf3 Qe5+ 35. Kh4 Qg5# 0-1

[Event "Junior Online 4NCL Division 4"]
[Site "online"]
[Date "2020.04.30"]
[Round "3.12"]
[White "Knight, Samuel"]
[Black "Sajid, Aryan"]
[Result "0-1"]
[WhiteElo "1382"]
[BlackElo "1405"]
[PlyCount "54"]
[EventDate "2020.04.30"]
[WhiteTeam "Uxbridge Juniors A"]
[BlackTeam "Cheshire8Y"]

1. d4 d5 2. Bf4 Nc6 3. e3 Nf6 4. Bd3 e6 5. c3 Bd6 6. Bg3 b6 7. Qc2 Bb7 8. Nd2
Qd7 9. Ngf3 O-O-O 10. Bxd6 Qxd6 11. O-O h5 12. Bb5 h4 13. h3 Rdg8 14. Bxc6 Bxc6
15. b4 a6 16. Rab1 b5 17. Ne5 Be8 18. Ndf3 g5 19. Nh2 g4 20. Nexg4 Nxg4 21.
Nxg4 Rg7 22. Nf6 e5 23. Nxe8 Rxe8 24. Rfe1 e4 25. Ra1 Qg6 26. f4 exf3 27. Qd1
Qxg2# 0-1

[Event "Junior Online 4NCL Division 4"]
[Site "online"]
[Date "2020.04.30"]
[Round "3.13"]
[White "Jia, Ethan"]
[Black "Das, Devorshi"]
[Result "1-0"]
[WhiteElo "1315"]
[BlackElo "1120"]
[PlyCount "93"]
[EventDate "2020.04.30"]
[WhiteTeam "Cheshire8Y"]
[BlackTeam "Uxbridge Juniors A"]

1. d4 e5 2. dxe5 Nc6 3. Nf3 Qe7 4. e4 Nxe5 5. Nxe5 Qxe5 6. Nc3 Nf6 7. Bd3 Bb4
8. Bd2 d6 9. Nb5 Bxd2+ 10. Qxd2 d5 11. f4 Qe7 12. e5 Ne4 13. Bxe4 dxe4 14. O-O
O-O 15. Qe3 c6 16. Nc3 Bf5 17. Nxe4 Bxe4 18. Qxe4 Qc5+ 19. Rf2 h6 20. Qe2 Rad8
21. Kh1 Qb6 22. b3 Rd7 23. Rff1 Rfd8 24. Rab1 c5 25. h3 Rc7 26. f5 Rc6 27. Rbe1
Re8 28. Rd1 Qc7 29. Rfe1 Qe7 30. Rd3 f6 31. e6 b6 32. Re3 Rd6 33. Rd1 Rxd1+ 34.
Qxd1 Rd8 35. Qe2 Re8 36. Qc4 Kf8 37. Rd3 Rd8 38. Rxd8+ Qxd8 39. Kg1 Qd1+ 40.
Kf2 Qd4+ 41. Qxd4 cxd4 42. Ke2 Ke7 43. Kd3 Kd6 44. Kxd4 g5 45. fxg6 Ke7 46. Kd5
f5 47. g7 1-0

[Event "Junior Online 4NCL Division 4"]
[Site "online"]
[Date "2020.04.30"]
[Round "3.14"]
[White "Jebananthan, Jeshan"]
[Black "Idan, Tani"]
[Result "0-1"]
[WhiteElo "1060"]
[BlackElo "1285"]
[PlyCount "58"]
[EventDate "2020.04.30"]
[WhiteTeam "Uxbridge Juniors A"]
[BlackTeam "Cheshire8Y"]

1. e4 e5 2. Nf3 Nc6 3. Bc4 Bc5 4. Nc3 Nf6 5. O-O O-O 6. d3 h6 7. h3 d6 8. a3
Be6 9. Bxe6 fxe6 10. b4 Bd4 11. Nxd4 Nxd4 12. Be3 d5 13. Bxd4 exd4 14. Nb5 dxe4
15. dxe4 e5 16. Re1 c6 17. Nxa7 Rxa7 18. a4 Qe7 19. Qb1 b5 20. a5 c5 21. bxc5
Qxc5 22. h4 Qc6 23. Rd1 Nxe4 24. Rd3 Qa8 25. Rda3 Nc3 26. Qb3+ Kh8 27. a6 Rf6
28. Qb4 Rg6 29. Qc5 Qxg2# 0-1

[Event "Junior Online 4NCL Division 4"]
[Site "online"]
[Date "2020.04.30"]
[Round "3.15"]
[White "Gauri, Dhairye"]
[Black "Goldsmith, Max"]
[Result "1-0"]
[WhiteElo "1435"]
[BlackElo "1405"]
[PlyCount "143"]
[EventDate "2020.04.30"]
[WhiteTeam "Uxbridge Juniors A"]
[BlackTeam "Cheshire8Y"]

1. e4 e5 2. Nf3 Nc6 3. Bc4 Bc5 4. O-O Nf6 5. d3 h6 6. Nc3 d6 7. h3 Be6 8. Bxe6
fxe6 9. a3 Qe7 10. b4 Bb6 11. Qe2 O-O-O 12. Be3 Nd4 13. Nxd4 exd4 14. Na4 dxe3
15. Nxb6+ axb6 16. Qxe3 d5 17. e5 Nd7 18. c3 Qg5 19. Qe1 Qxe5 20. Qd2 Nf6 21.
d4 Qg5 22. Qe2 Ne4 23. f4 Qf5 24. Qd3 Nd6 25. Qe2 Qe4 26. Qg4 Qe3+ 27. Kh2 Nf5
28. Rf3 h5 29. Qg5 Qe2 30. a4 Qb2 31. Rff1 Qxc3 32. b5 Qxd4 33. Rac1 Qxa4 34.
Qg6 Rd6 35. Qf7 Rd7 36. Qxe6 Nd4 37. Qe5 Nxb5 38. Ra1 Qa7 39. Rxa7 Nxa7 40. Ra1
Nc6 41. Ra8+ Nb8 42. Qc3 c5 43. Qa3 Rc7 44. Qa7 Kd7 45. Rxb8 Rxb8 46. Qxb8 c4
47. Qg8 Kd6 48. Qf8+ Ke6 49. Qe8+ Kf5 50. Qf8+ Ke4 51. Qe8+ Kd4 52. Qe5+ Kc5
53. Qxc7+ Kb4 54. Qe7+ Kb3 55. Qe3+ c3 56. Qxb6+ Kc2 57. Qf2+ Kb3 58. Qe3 Kb2
59. Qb6+ Kc2 60. Kg1 Kd2 61. Qd4+ Kc2 62. Kf2 Kb2 63. Qb4+ Kc2 64. Ke3 g6 65.
Kd4 Kd2 66. Qxc3+ Ke2 67. Qe3+ Kf1 68. Qd2 Kg1 69. Ke3 b5 70. g4 b4 71. Kf3 b3
72. Qg2# 1-0

[Event "Junior Online 4NCL Division 4"]
[Site "online"]
[Date "2020.04.30"]
[Round "3.16"]
[White "Sajid, Aryan"]
[Black "Knight, Samuel"]
[Result "1-0"]
[WhiteElo "1405"]
[BlackElo "1382"]
[PlyCount "51"]
[EventDate "2020.04.30"]
[WhiteTeam "Cheshire8Y"]
[BlackTeam "Uxbridge Juniors A"]

1. e4 e6 2. d4 d5 3. Nc3 c5 4. Nf3 Nc6 5. Be3 Bd7 6. e5 c4 7. Be2 Be7 8. O-O f6
9. Qd2 fxe5 10. Nxe5 Bd6 11. Bf4 h6 12. Bh5+ Kf8 13. Nf7 Qe8 14. Bxd6+ Nce7 15.
Nxh8 Qxh5 16. Qf4+ Ke8 17. g4 Qh3 18. Qf7+ Kd8 19. Qf8+ Be8 20. Nf7+ Kd7 21.
Bg3 Rc8 22. Qxg7 Bxf7 23. Qxf7 b5 24. Nxb5 a6 25. Nc3 Qxg4 26. f3 1-0

[Event "Junior Online 4NCL Division 4"]
[Site "online"]
[Date "2020.04.30"]
[Round "3.17"]
[White "Das, Devorshi"]
[Black "Jia, Ethan"]
[Result "1/2-1/2"]
[WhiteElo "1120"]
[BlackElo "1315"]
[PlyCount "169"]
[EventDate "2020.04.30"]
[WhiteTeam "Uxbridge Juniors A"]
[BlackTeam "Cheshire8Y"]

1. e4 e5 2. Nf3 Nc6 3. Bc4 Bc5 4. Nc3 Nf6 5. O-O O-O 6. d3 h6 7. h3 d6 8. Be3
Bb6 9. Bxb6 axb6 10. a3 Be6 11. Bxe6 fxe6 12. Qd2 d5 13. exd5 exd5 14. d4 Ne4
15. Nxe4 dxe4 16. Nxe5 Nxe5 17. d5 Nc6 18. c4 Ne5 19. Qd4 Qd6 20. Qxe4 Rae8 21.
Qd4 c5 22. Qc3 Ng6 23. Qc2 Nf4 24. Rfe1 Nh5 25. Rxe8 Rxe8 26. Rf1 Nf6 27. Qd2
Ne4 28. Qd3 Nf6 29. Qc3 b5 30. cxb5 Qxd5 31. b4 cxb4 32. Qxb4 Re4 33. Qb2 Qd3
34. Qa2+ Qc4 35. Qxc4+ Rxc4 36. Ra1 b6 37. a4 Rc5 38. Rb1 Ne4 39. a5 bxa5 40.
b6 Nd6 41. b7 Nxb7 42. Rxb7 Rc4 43. Ra7 a4 44. Ra8+ Kh7 45. Kf1 Kg6 46. Ke2 Rb4
47. Ra6+ Kf5 48. Kd3 Ke5 49. Kc3 Rh4 50. Kb2 Kd5 51. Ka3 Ke5 52. Rxa4 Rxa4+ 53.
Kxa4 Kf4 54. Kb3 Ke4 55. Kc2 Kf4 56. Kd2 g5 57. Ke2 Ke4 58. f3+ Kf4 59. Kf2 h5
60. g3+ Kf5 61. Ke3 Ke5 62. f4+ gxf4+ 63. gxf4+ Kf5 64. Kf3 Kg6 65. f5+ Kxf5
66. Kg3 Kg5 67. h4+ Kf5 68. Kf3 Ke5 69. Kg3 Ke4 70. Kh3 Kf4 71. Kh2 Kg4 72. Kg2
Kxh4 73. Kh2 Kg4 74. Kg2 h4 75. Kh2 h3 76. Kh1 Kg3 77. Kg1 Kf3 78. Kh2 Kg4 79.
Kh1 Kg3 80. Kg1 Kh4 81. Kh2 Kg4 82. Kg1 Kg3 83. Kh1 Kh4 84. Kh2 Kg4 85. Kh1
1/2-1/2

[Event "Junior Online 4NCL Division 4"]
[Site "online"]
[Date "2020.04.30"]
[Round "3.18"]
[White "Idan, Tani"]
[Black "Jebananthan, Jeshan"]
[Result "0-1"]
[WhiteElo "1285"]
[BlackElo "1060"]
[PlyCount "66"]
[EventDate "2020.04.30"]
[WhiteTeam "Cheshire8Y"]
[BlackTeam "Uxbridge Juniors A"]

1. e4 e5 2. Nf3 Nc6 3. Bc4 Be7 4. O-O Nf6 5. d3 d6 6. h3 h6 7. Nc3 O-O 8. Be3
Na5 9. Bb3 Nxb3 10. axb3 Be6 11. d4 a6 12. d5 Bd7 13. Qd2 Nh5 14. Qe2 Bh4 15.
Nxh4 Qxh4 16. Kh2 Rae8 17. Rae1 b5 18. Qf3 b4 19. Na4 Rb8 20. c4 bxc3 21. Nxc3
Rxb3 22. Ra1 Rxb2 23. Rxa6 Rc2 24. Ne2 Bb5 25. Ra7 Bxe2 26. Qg3 Nxg3 27. fxg3
Qxe4 28. Rg1 Qxe3 29. Raa1 Rc3 30. Rge1 Qxg3+ 31. Kg1 Rc2 32. Rac1 Rd2 33. h4
Bf3 0-1

[Event "Junior Online 4NCL Division 4"]
[Site "online"]
[Date "2020.04.30"]
[Round "3.21"]
[White "Asryan, Kagik"]
[Black "Chan, Daniel"]
[Result "1-0"]
[WhiteElo "1345"]
[BlackElo "1412"]
[PlyCount "71"]
[EventDate "2020.04.30"]
[WhiteTeam "Harrow Juniors C"]
[BlackTeam "Watford 2"]

1. e4 e5 2. d4 exd4 3. Bc4 Qe7 4. Ne2 Qb4+ 5. Nd2 d6 6. c3 Qc5 7. cxd4 Qb6 8.
O-O Nf6 9. e5 dxe5 10. dxe5 Nfd7 11. Nf4 Nxe5 12. Re1 Bd6 13. Nd5 Qc5 14. b4
Qd4 15. Rb1 Be6 16. Re4 Qxe4 17. Nxe4 Nxc4 18. Nxd6+ Nxd6 19. Nxc7+ Kd7 20.
Nxa8 Nc6 21. Bf4 Rxa8 22. Qxd6+ Ke8 23. h3 Rd8 24. Qc7 Rd7 25. Qc8+ Ke7 26. Qg8
Bf5 27. Bg5+ f6 28. Qxg7+ Ke6 29. Qxf6+ Kd5 30. Rd1+ Kc4 31. Rxd7 Bd3 32. Qf4+
Kc3 33. Qd2+ Kc4 34. Qxd3+ Kxb4 35. Bd2+ Ka4 36. Qb3# 1-0

[Event "Junior Online 4NCL Division 4"]
[Site "online"]
[Date "2020.04.30"]
[Round "3.22"]
[White "Hurrell, Theo DR"]
[Black "Paul, Alexandre"]
[Result "1-0"]
[WhiteElo "1375"]
[BlackElo "1352"]
[PlyCount "93"]
[EventDate "2020.04.30"]
[WhiteTeam "Watford 2"]
[BlackTeam "Harrow Juniors C"]

1. e4 e5 2. Nf3 Nc6 3. Nc3 Nf6 4. Bc4 Bc5 5. d3 h6 6. O-O O-O 7. h3 d6 8. Qe2
Be6 9. Bxe6 fxe6 10. Be3 Nd4 11. Qd1 Nxf3+ 12. Qxf3 Nd5 13. Qg3 Bxe3 14. fxe3
Nf6 15. Rf2 Qe7 16. Raf1 Kh7 17. Ne2 Rf7 18. Qf3 Raf8 19. d4 a6 20. d5 exd5 21.
exd5 Kg8 22. Ng3 Nxd5 23. Nh5 Nf6 24. Nxf6+ Rxf6 25. Qg3 Kh7 26. Qh4 d5 27. c3
e4 28. Rf5 c6 29. b4 b5 30. a3 Qd8 31. Qg4 Qe7 32. Qf4 Kg6 33. g4 Qd8 34. h4
Kh7 35. h5 Kg8 36. Rf2 R8f7 37. g5 Kh7 38. g6+ Kg8 39. gxf7+ Kxf7 40. Qg4 Ke6
41. R5f4+ Kf7 42. Rf5 Qe7 43. R2f4 Qd6 44. Kf2 Qe7 45. Kg3 Ke6 46. Rxf6+ Ke5
47. Qf5# 1-0

[Event "Junior Online 4NCL Division 4"]
[Site "online"]
[Date "2020.04.30"]
[Round "3.23"]
[White "Evans, Daniel"]
[Black "George, Seb"]
[Result "1-0"]
[WhiteElo "1270"]
[BlackElo "1285"]
[PlyCount "99"]
[EventDate "2020.04.30"]
[WhiteTeam "Harrow Juniors C"]
[BlackTeam "Watford 2"]

1. c4 e5 2. g3 Nf6 3. Bg2 Bc5 4. e3 d6 5. Nc3 c6 6. Nge2 O-O 7. O-O Be6 8. b3
Qd7 9. Bb2 Bh3 10. d4 exd4 11. exd4 Bb6 12. Na4 Bc7 13. d5 cxd5 14. Bxf6 Bxg2
15. Kxg2 gxf6 16. cxd5 b5 17. Nac3 Na6 18. Ne4 Kg7 19. Qd4 Qf5 20. f3 Bb6 21.
Qb2 Nc5 22. g4 Qe5 23. Qxe5 dxe5 24. Rfd1 Nxe4 25. fxe4 Rfd8 26. Nc3 Bd4 27.
Rac1 a6 28. Ne2 Be3 29. Rc3 Bb6 30. Rc6 Rab8 31. Ng3 Kg6 32. h4 Be3 33. Rxa6
Rb6 34. Rxb6 Bxb6 35. Nf5 Ra8 36. Rd2 b4 37. Ne7+ Kg7 38. Nc6 Rc8 39. Kf3 Kg6
40. Nxb4 h5 41. d6 hxg4+ 42. Kxg4 Rg8 43. Kh3 Kh5 44. Nd5 Ba7 45. Nxf6+ Kg6 46.
Nxg8 Kg7 47. Ne7 Kf6 48. d7 Kxe7 49. d8=Q+ Ke6 50. Qd6# 1-0

[Event "Junior Online 4NCL Division 4"]
[Site "online"]
[Date "2020.04.30"]
[Round "3.24"]
[White "Chadha, Ishaan"]
[Black "Laza, Andrei"]
[Result "0-1"]
[WhiteElo "1262"]
[BlackElo "1315"]
[PlyCount "86"]
[EventDate "2020.04.30"]
[WhiteTeam "Watford 2"]
[BlackTeam "Harrow Juniors C"]

1. e4 e5 2. Nf3 Nc6 3. Nc3 Nf6 4. Bc4 Nxe4 5. Nxe4 d5 6. Qe2 dxc4 7. Qxc4 Be6
8. Qc3 Bb4 9. Qd3 Qxd3 10. cxd3 O-O-O 11. O-O Rxd3 12. Ne1 Rd7 13. a3 Ba5 14.
b4 Bb6 15. Bb2 f6 16. b5 Nd4 17. Bxd4 Bxd4 18. Nf3 Bxa1 19. Rxa1 Bf5 20. Ng3
Bd3 21. a4 b6 22. Ra3 Bg6 23. a5 Kb7 24. a6+ Kc8 25. Rc3 Rhd8 26. Rc2 Bxc2 27.
Ne4 Bxe4 28. Ne1 Rd5 29. h3 Rxb5 30. f3 Rb1 31. Kf1 Bd3+ 32. Kf2 Rd5 33. Nxd3
Rxd3 34. Ke2 Rdb3 35. Kf2 c5 36. Ke2 R1b2 37. h4 c4 38. Kf2 c3 39. Kg3 cxd2 40.
Kg4 d1=Q 41. Kg3 Qe2 42. Kg4 Qxg2+ 43. Kh5 Qg6# 0-1

[Event "Junior Online 4NCL Division 4"]
[Site "online"]
[Date "2020.04.30"]
[Round "3.25"]
[White "Chan, Daniel"]
[Black "Asryan, Kagik"]
[Result "0-1"]
[WhiteElo "1412"]
[BlackElo "1345"]
[PlyCount "60"]
[EventDate "2020.04.30"]
[WhiteTeam "Watford 2"]
[BlackTeam "Harrow Juniors C"]

1. e4 e5 2. Nf3 Nc6 3. Bc4 Bc5 4. Nc3 d6 5. a3 f6 6. b4 Bb6 7. Nd5 Nge7 8. Nxb6
cxb6 9. d4 a6 10. Bb2 Qc7 11. b5 Nxd4 12. Nxd4 Qxc4 13. Nb3 Qxe4+ 14. Kd2 Qxg2
15. Rg1 Qxf2+ 16. Kc1 Bf5 17. Kb1 Bxc2+ 18. Qxc2 Qxg1+ 19. Ka2 Qg6 20. Qc7 axb5
21. Qxb7 O-O 22. Qxe7 Qd3 23. Qe6+ Kh8 24. Rc1 b4 25. Qg4 bxa3 26. Bxa3 Qa6 27.
Qb4 Rfc8 28. Rxc8+ Qxc8 29. Qxb6 Qc2+ 30. Ka1 Rxa3# 0-1

[Event "Junior Online 4NCL Division 4"]
[Site "online"]
[Date "2020.04.30"]
[Round "3.26"]
[White "Paul, Alexandre"]
[Black "Hurrell, Theo DR"]
[Result "0-1"]
[WhiteElo "1352"]
[BlackElo "1375"]
[PlyCount "84"]
[EventDate "2020.04.30"]
[WhiteTeam "Harrow Juniors C"]
[BlackTeam "Watford 2"]

1. e4 e5 2. Nf3 Nc6 3. Nc3 Nf6 4. Bc4 Bc5 5. O-O d6 6. d3 h6 7. Be3 Bxe3 8.
fxe3 Bg4 9. h3 Bh5 10. g4 Bg6 11. Nh4 Qe7 12. Nxg6 fxg6 13. Nd5 Nxd5 14. Bxd5
O-O-O 15. Rf7 Qe8 16. Rxg7 g5 17. Qf3 Rf8 18. Bf7 Qe7 19. Qf5+ Rd7 20. Be6 Qxg7
21. Bxd7+ Kd8 22. Qe6 Qxd7 23. Qxd7+ Kxd7 24. a4 Nb4 25. c3 Nxd3 26. b4 Rf3 27.
Re1 Nxe1 28. Kh2 Rxe3 29. Kg1 Rxe4 30. Kf2 Nc2 31. Kf3 Re3+ 32. Kf2 Rxh3 33.
Ke2 Rxc3 34. Kd1 Nxb4 35. Kd2 Rd3+ 36. Kc1 Kc6 37. Kb2 e4 38. Kc1 e3 39. Kb2 e2
40. a5 e1=Q 41. a6 Qe2+ 42. Kc1 Rd1# 0-1

[Event "Junior Online 4NCL Division 4"]
[Site "online"]
[Date "2020.04.30"]
[Round "3.27"]
[White "George, Seb"]
[Black "Evans, Daniel"]
[Result "1/2-1/2"]
[WhiteElo "1285"]
[BlackElo "1270"]
[PlyCount "112"]
[EventDate "2020.04.30"]
[WhiteTeam "Watford 2"]
[BlackTeam "Harrow Juniors C"]

1. e4 c5 2. Nf3 d6 3. d4 cxd4 4. Nxd4 Nf6 5. Nc3 a6 6. Be2 e5 7. Nb3 Be6 8. O-O
Be7 9. f3 O-O 10. Be3 Nc6 11. Qd2 d5 12. exd5 Nxd5 13. Nxd5 Qxd5 14. Qxd5 Bxd5
15. c4 Be6 16. Nc5 Rab8 17. Nxe6 fxe6 18. Rad1 Rbd8 19. Rxd8 Rxd8 20. Rd1 Rxd1+
21. Bxd1 Na5 22. b3 Kf7 23. Bd2 Nc6 24. Bc2 g6 25. Bc3 Kf6 26. Be4 Bc5+ 27. Kf1
Bd4 28. Bd2 Ke7 29. g3 Kd6 30. Kg2 Kc5 31. Bd3 Nb4 32. Bb1 b5 33. a3 Nc6 34.
Bd3 b4 35. axb4+ Nxb4 36. Bxb4+ Kxb4 37. Bc2 Kc3 38. Be4 Kxb3 39. Bc6 Kxc4 40.
Bd7 Kd5 41. Bc8 a5 42. Bb7+ Kd6 43. Be4 a4 44. Kh3 a3 45. Bb1 Ke7 46. Kg4 Kf6
47. h4 h5+ 48. Kh3 g5 49. hxg5+ Kxg5 50. Kg2 h4 51. g4 Kf4 52. Ba2 e4 53. fxe4
Kxe4 54. Bxe6 Ke5 55. Bf7 Kf4 56. Be6 Kg5 1/2-1/2

[Event "Junior Online 4NCL Division 4"]
[Site "online"]
[Date "2020.04.30"]
[Round "3.28"]
[White "Laza, Andrei"]
[Black "Chadha, Ishaan"]
[Result "1-0"]
[WhiteElo "1315"]
[BlackElo "1262"]
[PlyCount "107"]
[EventDate "2020.04.30"]
[WhiteTeam "Harrow Juniors C"]
[BlackTeam "Watford 2"]

1. e4 d5 2. exd5 Qxd5 3. Nc3 Qc5 4. d4 Qb4 5. Nf3 Nf6 6. a3 Qb6 7. Bb5+ c6 8.
Bd3 e6 9. O-O c5 10. dxc5 Qxc5 11. Be3 Qh5 12. Qd2 Bd6 13. g3 O-O 14. Kg2 e5
15. h3 Qxh3+ 16. Kg1 Qh5 17. Kg2 Bh3+ 18. Kg1 Bxf1 19. Nh2 Bxd3 20. Qxd3 Rd8
21. Qc4 Nbd7 22. Rd1 Ne8 23. Qb5 Rab8 24. Bxa7 Nc7 25. Qb3 Ra8 26. Qxb7 Rdb8
27. Bxb8 Rxb8 28. Qc6 Rd8 29. Rxd6 f6 30. Rxd7 Qe8 31. Rxc7 Qxc6 32. Rxc6 h6
33. b4 Rd4 34. b5 Rd2 35. b6 Rxc2 36. b7 Rb2 37. Rc8+ Kh7 38. b8=Q Rxb8 39.
Rxb8 Kg6 40. a4 Kh7 41. a5 Kg6 42. a6 Kh7 43. a7 Kg6 44. a8=Q Kh7 45. Qe4+ g6
46. f4 h5 47. fxe5 f5 48. Rb7+ Kh6 49. Qf4+ g5 50. Rb6+ Kg7 51. Qxf5 Kh8 52.
Qc8+ Kh7 53. Qd7+ Kg8 54. Rb8# 1-0

[Event "Junior Online 4NCL Division 4"]
[Site "online"]
[Date "2020.04.30"]
[Round "3.31"]
[White "Ajili, Nour"]
[Black "Cimurs, Alexander"]
[Result "1-0"]
[WhiteElo "1547"]
[BlackElo "1337"]
[PlyCount "75"]
[EventDate "2020.04.30"]
[WhiteTeam "KJCA Young Kestrels D"]
[BlackTeam "Leicestershire Juniors 2"]

1. d4 d5 2. c4 dxc4 3. e4 e6 4. Nc3 Nc6 5. Nf3 f6 6. Bxc4 e5 7. d5 Na5 8. Qa4+
Bd7 9. Qxa5 b6 10. Qa6 Nh6 11. Bb5 Bb4 12. Bxd7+ Qxd7 13. Qc4 a5 14. a3 Bc5 15.
Qb5 Qxb5 16. Nxb5 O-O 17. Nxc7 Ra7 18. Ne6 Re8 19. Nxc5 bxc5 20. Be3 Rd8 21.
Rc1 Rc7 22. Bxc5 Rb7 23. b4 axb4 24. axb4 Nf7 25. Ke2 Kh8 26. Rhd1 Re7 27. Bxe7
Rd7 28. Rc8+ Rd8 29. Rxd8+ Nxd8 30. Bxd8 g5 31. Bxf6+ Kg8 32. Bxg5 h5 33. d6 h4
34. d7 Kg7 35. d8=Q h3 36. Qf6+ Kh7 37. Rd7+ Kg8 38. Qd8# 1-0

[Event "Junior Online 4NCL Division 4"]
[Site "online"]
[Date "2020.04.30"]
[Round "3.32"]
[White "Datoo, Noor"]
[Black "Mann, Lev"]
[Result "1/2-1/2"]
[WhiteElo "1307"]
[BlackElo "1555"]
[PlyCount "143"]
[EventDate "2020.04.30"]
[WhiteTeam "Leicestershire Juniors 2"]
[BlackTeam "KJCA Young Kestrels D"]

1. e4 e5 2. Nf3 Nf6 3. Nc3 Bb4 4. Bc4 Bxc3 5. dxc3 Nxe4 6. O-O d6 7. Re1 Nf6 8.
a3 O-O 9. b4 Bg4 10. Be2 e4 11. Nd2 Bxe2 12. Rxe2 d5 13. Bb2 b5 14. a4 c6 15.
axb5 cxb5 16. Ra5 a6 17. f3 Qb6+ 18. Kf1 e3 19. Nb3 Nbd7 20. Qe1 Rfe8 21. Bc1
Rac8 22. Bxe3 Qc7 23. Bd4 Qc6 24. Bxf6 Nxf6 25. Nc5 Rxe2 26. Qxe2 Re8 27. Rxa6
Qxa6 28. Qxe8+ Nxe8 29. Nxa6 Kf8 30. Ke2 Ke7 31. Kd3 Kd6 32. Kd4 f6 33. Nc5 Nc7
34. Nb3 Ke6 35. g3 Kd6 36. f4 g6 37. Nd2 Ne6+ 38. Kd3 g5 39. Ke3 h6 40. h3 h5
41. Nf3 g4 42. hxg4 hxg4 43. Nh2 f5 44. Nf1 Nd8 45. Nd2 Nf7 46. Nb3 Kd7 47. Nd4
Nd6 48. Kd3 Kd8 49. Nb3 Kd7 50. Kd4 Ne4 51. Nc5+ Kd6 52. Nb7+ Kc6 53. Na5+ Kd6
54. Nb7+ Ke6 55. Nc5+ Ke7 56. Nxe4 dxe4 57. Ke3 Kd6 58. Kd4 Kc6 59. c4 bxc4 60.
Kxc4 Kb6 61. Kd4 Kb5 62. c3 Kc6 63. c4 Kb6 64. b5 Kb7 65. c5 Kc7 66. c6 Kb6 67.
Ke3 Kc7 68. Kd4 Kb6 69. Ke3 Kc7 70. Kd4 Kb6 71. Ke3 Kc7 72. Kd4 1/2-1/2